[Event "Invitation"]
[Site "http://www.queenalice.com/game.php?id=1266572"]
[Date "2014.3.20"]
[Round "-"]
[White "Julsoulp2"]
[Black "Buzzzz"]
[Result "1/2-1/2"]
[WhiteElo "1140"]
[BlackElo "1410"]

1. e4 e5 2. Nf3 d5 3. h4 dxe4 4. Nxe5 Qf6 5. Nc4 Bc5 6. f3 Nd7 7. Qe2 Qf4 8. d3
Qg3+ 9. Kd1 Ngf6 10. Rh3 Qg6 11. fxe4 Ng4 12. Be3 Bb4 13. c3 Bd6 14. Bg5 h6 15.
Be3 c5 16. h5 Qf6 17. Nbd2 Nde5 18. d4 Nxc4 19. Nxc4 Nxe3+ 20. Rxe3 cxd4 21. Rf3
Bf4 22. g3 Bg4 23. gxf4 Rd8 24. Nd2 d3 25. Qg2 Qxf4 26. Rc1 Bxh5 27. Qh1 Bg4 28.
Bg2 Qe3 29. Bf1 O-O 30. Ra1 Qf2 31. Bg2 Qb6 32. Ke1 Qxb2 33. Rb1 Qxc3 34. Rf2
Rde8 35. Qh4 f5 36. Rf4 g5 37. Qxh6 gxf4 38. Rb3 Rxe4+ 39. Bxe4 Qc1+ 40. Kf2
Qxd2+ 41. Kg1 Qe3+ 42. Kh2 Qxe4 43. Qg6+ Kh8 44. Qh6+ Kg8 45. Qg6+ Kh8 46. Qh6+
Kg8 47. Qg6+ 1/2-1/2

[Event "Invitation"]
[Site "http://www.queenalice.com/game.php?id=1268481"]
[Date "2014.3.27"]
[Round "-"]
[White "Buzzzz"]
[Black "Julsoulp2"]
[Result "1-0"]
[WhiteElo "1399"]
[BlackElo "1151"]

1. e4 e5 2. Nf3 Nc6 3. Nc3 d6 4. Bb5 Bd7 5. d4 a6 6. Bc4 h6 7. a3 g5 8. d5 Nd4
9. Nxd4 exd4 10. Qxd4 Nf6 11. e5 c5 12. Qe3 Ng4 13. Qe4 dxe5 14. h3 Nf6 15.
Qxe5+ Be7 16. d6 O-O 17. O-O Re8 18. Ne4 Nxe4 19. Qxe4 Bxd6 20. Qd5 Be6 21. Qe4
b5 22. Bd3 c4 23. Qh7+ Kf8 24. Be4 Ke7 25. Qxh6 Kd7 26. Bxg5 Qc7 27. Bxa8 Rxa8
28. Rad1 Kc6 29. Be3 Rg8 30. Qh5 Bd5 31. Qxd5+ Kd7 32. Qxf7+ Kc6 33. Qxg8 Bh2+
34. Kh1 Qe5 35. Qa8+ Kc7 36. Qa7+ Kc6 37. Qb6# 1-0

[Event "Invitation"]
[Site "http://www.queenalice.com/game.php?id=1269130"]
[Date "2014.3.30"]
[Round "-"]
[White "Julsoulp2"]
[Black "Buzzzz"]
[Result "1-0"]
[WhiteElo "1145"]
[BlackElo "1405"]

1. e4 e5 2. Nf3 Nc6 3. d4 Nf6 4. Nxe5 Qe7 5. f3 d6 6. Nd3 Nxd4 7. Be3 Nb5 8. a4
Nh5 9. g4 Qh4+ 10. Bf2 Qg5 11. gxh5 Qxh5 12. axb5 Qxb5 13. Nf4 Qxb2 14. Bd4 Qb4+
15. c3 Qb2 16. Ra4 Qb4 17. Ra3 Qb2 18. Ra4 Bd7 19. c4 Qxd4 20. Qxd4 Bxa4 21. c5
O-O-O 22. Qxa4 dxc5 23. Qxa7 c4 24. Bh3+ 1-0

[Event "Invitation"]
[Site "http://www.queenalice.com/game.php?id=1269420"]
[Date "2014.3.31"]
[Round "-"]
[White "Buzzzz"]
[Black "Julsoulp2"]
[Result "1-0"]
[WhiteElo "1379"]
[BlackElo "1171"]

1. e4 e5 2. Nf3 Nc6 3. d4 Qf6 4. d5 Nce7 5. Bg5 Qg6 6. h4 Qxe4+ 7. Be2 Qb4+ 8.
Nc3 Qxb2 9. Nb5 Rb8 10. Bc4 a6 11. Rb1 Qxb1 12. Qxb1 axb5 13. Qxb5 h6 14. Be3
Ra8 15. Nxe5 c6 16. dxc6 bxc6 17. Bxf7+ Kd8 18. Qb6# 1-0

[Event "Challenge"]
[Site "http://www.queenalice.com/game.php?id=1269463"]
[Date "2014.4.1"]
[Round "-"]
[White "Julsoulp2"]
[Black "Buzzzz"]
[Result "0-1"]
[WhiteElo "1163"]
[BlackElo "1396"]

1. e4 Nc6 2. f4 e5 3. f5 Qh4+ 4. g3 Qxe4+ 5. Be2 Qxh1 6. Kf1 Qxh2 7. Qe1 d5 8.
g4 Bc5 9. d4 exd4 10. Nd2 Ne5 11. Bb5+ c6 12. Ndf3 Qh1 13. Be2 f6 14. g5 d3 15.
cxd3 Bxf5 16. d4 Bh3+ 17. Kf2 Ng4+ 18. Kg3 Qg2+ 19. Kh4 fxg5+ 20. Bxg5 N8f6 21.
Bf1+ Kf7 22. Bxg2 Rae8 23. Ne5+ Nxe5 24. Nxh3 Nf3+ 25. Bxf3 Rxe1 26. Rxe1 Bxd4
27. Rf1 h6 28. Bh5+ g6 29. Bxf6 Bxf6+ 30. Kg4 gxh5+ 31. Kxh5 Ke7 32. Nf4 Kd6 33.
Ng6 Bxb2 34. Nxh8 Bxh8 35. Kxh6 d4 36. Rf8 Be5 37. Rb8 b6 38. Ra8 d3 39. Rd8+
Kc5 40. Rxd3 a5 41. a4 Kb4 42. Re3 Bf4+ 0-1

[Event "Challenge"]
[Site "http://www.queenalice.com/game.php?id=1269827"]
[Date "2014.4.2"]
[Round "-"]
[White "Buzzzz"]
[Black "Oliv"]
[Result "0-1"]
[WhiteElo "1421"]
[BlackElo "1324"]

1. e4 e5 2. Nf3 d6 3. d4 f6 4. Bb5+ c6 5. Ba4 Qa5+ 6. Nc3 b5 7. Bb3 Ne7 8. dxe5
b4 9. exd6 bxc3 10. dxe7 Bxe7 11. Bf4 cxb2+ 12. Bd2 Qc5 13. Rb1 Qa3 14. Nd4 Ba6
15. Ne6 h5 16. Nxg7+ Kf8 17. Nxh5 Qc5 18. g4 Qd4 19. Be3 Qb4+ 20. Bd2 Qxe4+ 21.
Qe2 Qxe2# 0-1

[Event "Challenge"]
[Site "http://www.queenalice.com/game.php?id=1270149"]
[Date "2014.4.3"]
[Round "-"]
[White "Buzzzz"]
[Black "Julsoulp2"]
[Result "1-0"]
[WhiteElo "1409"]
[BlackElo "1150"]

1. Nf3 d5 2. c3 e6 3. d4 a5 4. Bg5 f6 5. Bh4 g5 6. Bg3 b5 7. e3 b4 8. Bb5+ c6 9.
Bxc6+ Nxc6 10. Qa4 Bd7 11. Qb3 a4 12. Qc2 b3 13. Qd3 Na7 14. axb3 Bb5 15. c4
dxc4 16. bxc4 Bb4+ 17. Nc3 Ba6 18. Rxa4 Nc6 19. O-O g4 20. d5 exd5 21. Qxd5 Qb6
22. Qe6+ Nge7 23. Nd5 Qc5 24. Nc7+ Kf8 25. Qxf6+ Kg8 26. Nxa8 Bxc4 27. Ng5 Nd8
28. Rd1 Ba5 29. Be5 Bb3 30. Qxh8# 1-0

[Event "Partie de la mort !"]
[Site "http://www.queenalice.com/game.php?id=1270150"]
[Date "2014.4.3"]
[Round "-"]
[White "Buzzzz"]
[Black "Julsoulp2"]
[Result "1-0"]
[WhiteElo "1403"]
[BlackElo "1156"]

1. e4 e5 2. Bc4 a6 3. Qh5 g6 4. Qxe5+ Qe7 5. Qxc7 Qxe4+ 6. Ne2 Nc6 7. d3 Qxg2 8.
Ng3 d5 9. Bb3 Bc5 10. Be3 d4 11. Qxf7+ Kd8 12. Bg5+ Nge7 13. f3 Ne5 14. Bxe7+
Bxe7 15. Qd5+ Nd7 16. Qxd4 Re8 17. Bf7 Bb4+ 18. Kd1 Bc5 19. Qh4+ Be7 20. Qxh7
Qxf3+ 21. Kd2 Bb4+ 22. c3 Qe3+ 23. Kc2 Qf2+ 24. Nd2 Nf6 25. Qxg6 Bd7 26. Rhf1
Qxh2 27. Qxf6+ Re7 28. Qb6+ Kc8 29. Qxb4 Re5 30. Rg1 a5 31. Qc4+ Kb8 32. Ne4 a4
33. Rg8+ Ka7 34. Qd4+ Rc5 35. Nxc5 a3 36. Nxd7+ b6 37. Qxb6# 1-0

[Event "Invitation"]
[Site "http://www.queenalice.com/game.php?id=1270542"]
[Date "2014.4.5"]
[Round "-"]
[White "Julsoulp2"]
[Black "Buzzzz"]
[Result "0-1"]
[WhiteElo "1169"]
[BlackElo "1415"]

1. e4 e5 2. d4 d5 3. exd5 Qxd5 4. c4 Qe4+ 5. Be3 exd4 6. f3 Qxe3+ 7. Be2 Bb4+ 8.
Nc3 dxc3 9. bxc3 Bxc3+ 10. Kf1 Bd4 11. Nh3 Bxh3 12. Qe1 Bf5 13. Rd1 Bc2 14. Rd2
Bc3 15. Qg3 Bxd2 16. Qxc7 Qd4 17. c5 Be3 18. Bb5+ Nd7 19. Ke2 Ne7 20. Qxb7 O-O
21. c6 Qd2+ 22. Kf1 Qd1# 0-1

[Event "Challenge"]
[Site "http://www.queenalice.com/game.php?id=1271972"]
[Date "2014.4.10"]
[Round "-"]
[White "Julsoulp2"]
[Black "Buzzzz"]
[Result "1-0"]
[WhiteElo "1188"]
[BlackElo "1421"]

1. e4 Nc6 2. c3 Nf6 3. Qf3 Ne5 4. Qd1 e6 5. f3 Bc5 6. d4 Nxf3+ 7. Qxf3 Bb6 8.
Bg5 d5 9. exd5 exd5 10. Qe3+ Be6 11. Be2 h6 12. Bh4 g5 13. Bg3 Ng4 14. Bxg4 Qe7
15. Ne2 Bxg4 16. Bf2 Be6 17. Qe5 O-O-O 18. Ng3 Rhe8 19. O-O f6 20. Qe2 c6 21.
Nd2 Bc7 22. Rfe1 Bf4 23. Nh5 Qd6 24. Bg3 Bd7 25. Qf1 c5 26. Nxf4 gxf4 27. Bxf4
Qf8 28. dxc5 Qxc5+ 29. Be3 Rxe3 30. Rxe3 Qxe3+ 31. Qf2 Qd3 32. Rd1 Bg4 33. Re1
f5 34. Qxa7 Qxd2 35. Qa8+ Kc7 36. Re7+ Rd7 37. Qa5+ Kd6 38. Qa3+ Kc6 39. Qa4+
Kc7 40. Qxd7+ Kb6 41. Qxb7+ Ka5 42. b4+ 1-0

[Event "Challenge"]
[Site "http://www.queenalice.com/game.php?id=1274063"]
[Date "2014.4.18"]
[Round "-"]
[White "Oliv"]
[Black "Buzzzz"]
[Result "1-0"]
[WhiteElo "1385"]
[BlackElo "1439"]

1. d4 Nf6 2. Nc3 Nc6 3. d5 Ne5 4. f4 Nc4 5. Qd3 b5 6. Nxb5 Na5 7. Bd2 c6 8. dxc6
dxc6 9. Qxd8+ Kxd8 10. Bxa5+ Kd7 11. O-O-O+ Nd5 12. Nc7 Rb8 13. g3 e6 14. Nf3 f6
15. e4 Ke7 16. exd5 cxd5 17. Nd4 Bd7 18. f5 e5 19. Re1 Kf7 20. Na6 Rb7 21. Rd1
exd4 22. Rxd4 Bc6 23. Nb4 Bc5 24. Rg4 Re8 25. Nxc6 Be3+ 26. Kb1 Bh6 27. Bd3 g6
28. Nd8+ Kg8 29. Nxb7 Bg5 30. Nd6 Re5 31. fxg6 h5 32. Rb4 Bh6 33. Rb8+ Bf8 34.
Ne8 d4 35. Nxf6+ Kg7 36. Ne8+ Kg8 37. Bc4+ Kh8 38. Rf1 Bd6 39. Nxd6+ Kg7 40.
Rf7+ Kxg6 41. Bd2 Re6 42. Bd3+ 1-0

[Event "Challenge"]
[Site "http://www.queenalice.com/game.php?id=1275788"]
[Date "2014.4.24"]
[Round "-"]
[White "Buzzzz"]
[Black "Julsoulp2"]
[Result "1-0"]
[WhiteElo "1396"]
[BlackElo "1213"]

1. e4 e5 2. Nf3 Qf6 3. Nc3 c6 4. d4 d6 5. d5 Ne7 6. dxc6 Nexc6 7. Nd5 Qd8 8. Ng5
h6 9. Qh5 g6 10. Qh4 Bg7 11. f4 hxg5 12. Qxg5 Qa5+ 13. Bd2 Qc5 14. c4 Nd4 15.
Qe7# 1-0

[Event "Invitation"]
[Site "http://www.queenalice.com/game.php?id=1278009"]
[Date "2014.5.2"]
[Round "-"]
[White "Julsoulp2"]
[Black "Buzzzz"]
[Result "0-1"]
[WhiteElo "1204"]
[BlackElo "1405"]

1. e4 e5 2. d4 Bb4+ 3. c3 Ba5 4. b4 Bb6 5. Qh5 Nf6 6. Qxe5+ Qe7 7. Qb5 Qxe4+ 8.
Be2 O-O 9. Nd2 Qxg2 10. Bf3 Re8+ 11. Ne2 Qh3 12. Rg1 c6 13. Qg5 Kf8 14. b5 Bd8
15. Qxg7+ Ke7 16. Ba3+ d6 17. Rg3 Qxh2 18. Nf1 Rg8 19. Bxd6+ Kxd6 20. Qxf7 Qh6
21. Rd1 Re8 22. bxc6 Nxc6 23. d5 Ne5 24. Rh3 Bxh3 25. Qxb7 Nxf3# 0-1

[Event "Ze partie!"]
[Site "http://www.queenalice.com/game.php?id=1280826"]
[Date "2014.5.11"]
[Round "-"]
[White "Buzzzz"]
[Black "Julsoulp2"]
[Result "1-0"]
[WhiteElo "1413"]
[BlackElo "1196"]

1. e4 e5 2. Nf3 Qf6 3. d4 Nc6 4. d5 Nd4 5. Nc3 Bc5 6. Be3 b6 7. Bxd4 exd4 8. Nb5
Bb4+ 9. Nd2 Bc5 10. Nxc7+ Kd8 11. Nxa8 d3 12. Nf3 Qxb2 13. Bxd3 Nf6 14. Ng5 Rf8
15. O-O Qe5 16. Qd2 Ng4 17. Nf3 f5 18. exf5 Qd6 19. Qg5+ Nf6 20. Rae1 Bb7 21.
Nxb6 axb6 22. Qxg7 Ne8 23. Qxh7 Bxd5 24. Bb5 Qf4 25. Qxd7# 1-0

[Event "Ze partie!"]
[Site "http://www.queenalice.com/game.php?id=1280827"]
[Date "2014.5.11"]
[Round "-"]
[White "Buzzzz"]
[Black "Julsoulp2"]
[Result "1-0"]
[WhiteElo "1420"]
[BlackElo "1189"]

1. d4 c6 2. c3 d6 3. e4 Nf6 4. e5 Ne4 5. Qf3 d5 6. Nh3 h5 7. Bd3 Bg4 8. Qf4 g5
9. Nxg5 Nxg5 10. Qxg5 Bh6 11. Qh4 Rg8 12. Bxh6 Nd7 13. h3 Be6 14. Qxh5 Rxg2 15.
Nd2 c5 16. Nf3 Qa5 17. Rg1 Rg6 18. Bxg6 Nf8 19. Bxf8 Kd7 20. Bg7 Qb5 21. O-O-O
Rc8 22. Bxf7 Bxf7 23. Qf5+ e6 24. Qxf7+ Kc6 25. Qxe6+ Kc7 26. Qd6# 1-0

[Event "You're White"]
[Site "http://www.queenalice.com/game.php?id=1282732"]
[Date "2014.5.19"]
[Round "-"]
[White "Julsoulp2"]
[Black "Buzzzz"]
[Result "0-1"]
[WhiteElo "1182"]
[BlackElo "1427"]

1. e4 e5 2. Qf3 d6 3. Bc4 Be6 4. Bb3 Nc6 5. Qh5 Nf6 6. Qf3 d5 7. exd5 Nd4 8. Qe3
Bxd5 9. Ba4+ c6 10. Qxe5+ Ne6 11. d3 Ng4 12. Qf5 Qf6 13. Qxd5 Bb4+ 14. c3 O-O
15. cxb4 cxd5 16. Nh3 Rac8 17. O-O Qe5 18. Bd2 Qxh2# 0-1

[Event "hi ya"]
[Site "http://www.queenalice.com/game.php?id=1283970"]
[Date "2014.5.25"]
[Round "-"]
[White "Julsoulp2"]
[Black "Buzzzz"]
[Result "0-1"]
[WhiteElo "1176"]
[BlackElo "1433"]

1. e4 e5 2. Nf3 f6 3. d4 exd4 4. Nxd4 Qe7 5. Nd2 d5 6. f3 f5 7. Bd3 Nf6 8. Qe2
g6 9. c4 c5 10. e5 Nfd7 11. e6 Nf6 12. N4b3 dxc4 13. Bxc4 Nc6 14. f4 Nb4 15. O-O
Ng4 16. Bb5+ Nc6 17. h3 Nh6 18. Nc4 Bxe6 19. Qe5 Bg7 20. Qe3 a6 21. Nb6 Bd4 22.
Nxd4 cxd4 23. Bxc6+ bxc6 24. Qxd4 Rg8 25. Nxa8 Qb7 26. Nb6 Bd5 27. Qe5+ Kf7 28.
Na4 Re8 29. Qd6 Re2 30. b3 c5 31. Rd1 Rxg2+ 32. Kf1 Qb5+ 33. Rd3 Qxd3+ 0-1

[Event "Invitation"]
[Site "http://www.queenalice.com/game.php?id=1286044"]
[Date "2014.6.4"]
[Round "-"]
[White "Buzzzz"]
[Black "Julsoulp2"]
[Result "0-1"]
[WhiteElo "1439"]
[BlackElo "1170"]

1. e4 e5 2. c4 Bb4 3. Qb3 a5 4. Nf3 Nc6 5. c5 Nh6 6. Ng5 Nd4 7. Qc4 b5 8. Qd3 d6
9. h4 f6 10. Nf3 Nhf5 11. a3 Bxc5 12. exf5 Bxf5 13. Qc3 Nc2+ 14. Kd1 Nxa1 15.
Bxb5+ Kf8 16. d3 Be6 17. b3 Bxb3+ 18. Ke1 Nc2+ 19. Kf1 a4 20. g4 Rb8 21. Bc4 Nd4
22. Nbd2 Bd1 23. Bd5 Be2+ 24. Kg2 Nb5 25. Qc4 e4 26. Qxe4 Nc3 27. Nd4 Bxd4 28.
Qxd4 Rc8 29. Qxc3 c6 30. Bxc6 h5 31. g5 fxg5 32. Bb2 Rg8 33. hxg5 Qxg5+ 34. Kh3
Qg4+ 35. Kh2 Qf4+ 36. Kg1 g5 37. Qd4 Ke7 38. f3 Qg3# 0-1

[Event "partie du 3-2!"]
[Site "http://www.queenalice.com/game.php?id=1287457"]
[Date "2014.6.11"]
[Round "-"]
[White "Buzzzz"]
[Black "Oliv"]
[Result "0-1"]
[WhiteElo "1417"]
[BlackElo "1424"]

1. e4 e5 2. d4 exd4 3. Qxd4 Nc6 4. Qc4 Nf6 5. Nf3 Bd6 6. Ng5 O-O 7. f4 h6 8. Nh3
a6 9. e5 b5 10. Qc3 Bb4 11. Qxb4 Nxb4 12. Na3 Re8 0-1

[Event "Allez les bleus"]
[Site "http://www.queenalice.com/game.php?id=1288244"]
[Date "2014.6.14"]
[Round "-"]
[White "Julsoulp2"]
[Black "Buzzzz"]
[Result "0-1"]
[WhiteElo "1197"]
[BlackElo "1410"]

1. e4 e5 2. Nc3 c5 3. Nb5 a6 4. Nc3 Nc6 5. Bc4 b5 6. Bd5 b4 7. Qf3 f6 8. Na4 Nd4
9. Qh5+ g6 10. Qd1 Bb7 11. Bxb7 Ra7 12. Bd5 Nh6 13. Nf3 Ng4 14. O-O f5 15. Nxe5
Nxe5 16. Re1 f4 17. d3 Qg5 18. g3 Nef3+ 19. Kf1 Nxh2+ 20. Kg2 Qh6 21. Rh1 f3+
22. Qxf3 Ndxf3 23. Bxh6 Bxh6 24. Nxc5 Rf8 25. e5 Rf5 26. Ne6 Rxe5 27. Bxf3 Nxf3
28. Kxf3 g5 29. Rxh6 dxe6 30. Rg6 hxg6 31. Rh1 Rf7+ 32. Kg2 g4 33. d4 Ref5 34.
Re1 Rxf2+ 35. Kg1 Rxc2 36. Rxe6+ Re7 37. Re5 Rxb2 38. Kf1 Rxa2 39. Kg1 b3 0-1

[Event "Challenge"]
[Site "http://www.queenalice.com/game.php?id=1403500"]
[Date "2016.1.10"]
[Round "-"]
[White "Julsoulp2"]
[Black "Buzzzz"]
[Result "1-0"]
[WhiteElo "1201"]
[BlackElo "1417"]

1. c4 e5 2. b3 Qf6 3. d3 e4 4. d4 Bc5 5. Be3 Ne7 6. g4 Bb4+ 7. Nd2 d6 8. g5 Qg6
9. Qc2 Bf5 10. a3 Bxd2+ 11. Qxd2 Nbc6 12. d5 Ne5 13. Qb4 b6 14. Qa4+ 1-0